The Maryland almanack for the year of our Lord, 1761 : ... Calculated for the latitude of thirty-nine degrees and a meredian [as printed] of five hours west from London; but will very well serve any of the neighbouring colonas printed.

Bibliographic Details
Format: eBook
Language:English
Series:Early American imprints. Evans (1639-1800) ; no. 41138.
Subjects:
Online Access:Evans Digital Edition

MARC

Tag First Indicator Second Indicator Subfields
LEADER 00000cam a22000001a 4500
001 in00002147705
006 m e d #
007 cr mn mmmmabba
008 860513s1760 mdua s 000 0 eng d
005 20260331144837.1
035 |z w024898 
035 |a MAAR8605133902B 
035 |9 mwa91-39856 
035 |a 321553 
035 |a aas03024898 
040 |a MWA  |c MWA  |e bdrb  |d UtOrBLW 
245 0 4 |a The Maryland almanack for the year of our Lord, 1761 :  |b ... Calculated for the latitude of thirty-nine degrees and a meredian [as printed] of five hours west from London; but will very well serve any of the neighbouring colonas printed. 
264 3 |a Annapolis :  |b Printed and sold by Jonas Green,  |c [1760] 
300 |a 20 unnumbered pages :  |b illustrations ;  |c (octavo) 
336 |a text  |b txt  |2 rdacontent 
337 |a computer  |b c  |2 rdamedia 
338 |a online resource  |b cr  |2 rdacarrier 
500 |a Advertised in the Maryland gazette, Dec. 24, 1760. 
500 |a The Anatomy is the only illustration. 
510 4 |a Bristol  |c B2145 
510 4 |a Shipton & Mooney  |c 41138 
510 4 |a Drake, M. Almanacs,  |c 2168 
530 |a Microform version available in the Readex Early American Imprints series. 
533 |a Electronic text and image data.  |b [Chester, Vt. :  |c Readex, a division of Newsbank, Inc.,  |d 2002-2004.  |e Includes files in TIFF, GIF and PDF formats with inclusion of keyword searchable text.  |f (Early American imprints. First series ; no. 41138). 
500 |a Electronic resource. 
655 7 |a Almanacs  |z Maryland  |y 1761.  |2 rbgenr 
752 |a United States  |b Maryland  |d Annapolis. 
830 0 |a Early American imprints.  |n Series I,  |p Evans (1639-1800) ;  |v no. 41138. 
856 4 1 |u http://proxy.library.tamu.edu/login?url=https://opac.newsbank.com/select/evans/41138  |y Evans Digital Edition  |t 0 
999 |a MARS 
999 f f |s 0dd15cd6-9d94-3014-90b9-56797e14aacd  |i 7ab6a315-3778-34a9-a8ad-b81cea295355  |t 0 
952 f f |a Texas A&M University  |b College Station  |c Electronic Resources  |s www_evans  |d Available Online  |t 0  |h No information provided 
998 f f |t 0  |l Available Online